|
|
|
|
| LEADER |
000000000a22000000004500 |
| 001 |
014051 |
| 020 |
|
|
|a 0860916359
|
| 041 |
0 |
|
|a spa
|
| 082 |
0 |
4 |
|a 868.20
|b S246j
|
| 100 |
1 |
|
|a Sarlo, Beatriz
|
| 245 |
1 |
0 |
|a Jorge Luis Borges :
|b a writer on the edge = Jorge Luis Borges, un escritor en el límite /
|c Beatriz Sarlo.
|
| 246 |
3 |
1 |
|a Jorge Luis Borges, un escritor en el límite
|
| 260 |
|
1 |
|a Londres ; New York :
|b Verso,
|c 1993.
|
| 300 |
|
|
|a 148 páginas ;
|c 24 cm.
|
| 650 |
|
4 |
|a BORGES, JORGE LUIS, 1899-1986
|
| 650 |
|
4 |
|a CRITICA
|
| 650 |
|
4 |
|a INTERPRETACION
|
| 650 |
|
4 |
|a VIDA INTELECTUAL
|
| 650 |
|
4 |
|a ARGENTINA
|
| 650 |
|
4 |
|a SIGLO 20
|
| 500 |
|
|
|a Colección George Yúdice
|
| 999 |
|
|
|c 19952
|d 19952
|
| 942 |
|
|
|c BK
|h 868.20 S246j
|2 z
|